| 000 | 00385pam a2200157a 44500 | ||
|---|---|---|---|
| 008 | 230515b2020 xxu||||| |||| 00| 0 eng d | ||
| 020 | _aNULL | ||
| 041 | _aENGLISH | ||
| 082 | _a615 | ||
| 100 | _aARORA D R | ||
| 245 | _aTEXTBOOK OF MICROBIOLOGY 6TH ED | ||
| 250 | _a6TH | ||
| 260 |
_aNEW DELHI _bCBS PUBLISHER AND DISTRIBUTORS _c2020 |
||
| 300 | _a603 | ||
| 650 | _aMICROBIOLOGY | ||
| 999 |
_c557117 _d557117 |
||